20 questions sur des sujets variés - Quiz 1 - Statistiques

Statistiques générales
  • Ce quiz a été pris 62 fois
  • Le résultat moyen est 4 sur 20
Statistiques - réponses
Hint Réponse % Correct
A quelle date débute l'hiver en Europe (2) 21 decembre
79%
Je vien de Chine et j'adore le bambou (2) Le panda
70%
Quels animaux hibernent ? Nommez-en 5 Ours
60%
Quel est le point commun entre un rondin de bois, un gateau de Noel, une chute (1) Bûche
57%
Je suis un vélo à une roue généralement utilisé par les clowns dans le cirque (1) Monocycle
53%
Dans quelle ville néerlandaise trouve-t-on le club de football Feyenoord Rotterdam
23%
Combien de millions d'habitants compte cette ville actuellement (1) 22
21%
Quels animaux hibernent ? Nommez-en 5 Marmottes
17%
Comment s'appelle la grande cité aztèque découverte par l'Espagnol (1) Tenochtitlàn
9%
Comment appelle-t-on la confiserie espagnole à base l'amandes grillées et de miel (1) Turrón
9%
Comment s'appelle cette ville aujourd'hui (2) Mexico City
8%
Quels animaux hibernent ? Nommez-en 5 Chauve-souris
2%
Quels animaux hibernent ? Nommez-en 5 Hérissons
2%
En quelle année cette ville a-t-elle été fondée (1) 1325
0%
Nommez les îles néerlandaises de la mer des Wadden/ Le Waddenzee Ameland
0%
Quels animaux hibernent ? Nommez-en 5 Loirs
0%
Nommez les îles néerlandaises de la mer des Wadden/ Le Waddenzee Schiermonnikoog.
0%
Nommez les îles néerlandaises de la mer des Wadden/ Le Waddenzee Terschelling
0%
Nommez les îles néerlandaises de la mer des Wadden / Le Waddenzee Texel
0%
Nommez les îles néerlandaises de la mer des Wadden/ Le Waddenzee Vlieland
0%
Aucun quiz correspondant
Distribution des résultats
% des personnes avec chaque résultat
Percentile par nombre de réponses
Votre historique - résultats
Vous n’avez pas pris ce quiz